[Event "PMPJ 2022 - C17"]
[Site "Jastrzebia Gora"]
[Date "2022.11.07"]
[Round "3.19"]
[White "Mazus, Jakub"]
[Black "Bednarczyk, Mateusz"]
[Result "0-1"]
[BlackElo "1756"]
[WhiteElo "1430"]
[LiveChessVersion "1.4.8"]

1. e4 {[%clk 1:30:57]} c5 {[%clk 1:30:55]} 2. Nf3 {[%clk 1:31:22]} Nc6
{[%clk 1:31:21]} 3. d4 {[%clk 1:31:48]} cxd4 {[%clk 1:31:47]} 4. Nxd4
{[%clk 1:32:11]} Nf6 {[%clk 1:32:15]} 5. Nc3 {[%clk 1:32:34]} d6 {[%clk 1:32:41]}
6. Be2 {[%clk 1:22:37]} e5 {[%clk 1:33:05]} 7. Nb3 {[%clk 1:19:18]} Be7
{[%clk 1:33:30]} 8. O-O {[%clk 1:19:43]} h6 {[%clk 1:33:18]} 9. Be3
{[%clk 1:15:45]} Be6 {[%clk 1:31:17]} 10. Qd2 {[%clk 1:12:22]} a5
{[%clk 1:24:08]} 11. a4 {[%clk 1:11:35]} O-O {[%clk 1:19:58]} 12. f3
{[%clk 1:00:32]} Nb4 {[%clk 1:19:25]} 13. Nb5 {[%clk 0:59:19]} d5
{[%clk 1:15:58]} 14. Nc5 {[%clk 0:52:35]} dxe4 {[%clk 0:58:02]} 15. Qxd8
{[%clk 0:49:51]} Rfxd8 {[%clk 0:42:18]} 16. Nxe6 {[%clk 0:40:30]} fxe6
{[%clk 0:42:41]} 17. Rad1 {[%clk 0:15:07]} Nfd5 {[%clk 0:35:17]} 18. Ba7
{[%clk 0:12:05]} e3 {[%clk 0:28:56]} 19. Bd3 {[%clk 0:04:45]} Nc6
{[%clk 0:28:29]} 20. c4 {[%clk 0:03:44]} Ndb4 {[%clk 0:26:57]} 21. Bxe3
{[%clk 0:00:56]} Rxd3 {[%clk 0:27:18]} 22. Rxd3 {[%clk 0:00:36]} Nxd3
{[%clk 0:27:41]} 23. Rd1 {[%clk 0:00:42]} Nxb2 {[%clk 0:27:48]} 24. Rd7
{[%clk 0:01:01]} Nxc4 {[%clk 0:27:28]} 0-1

[Event "PMPJ 2022 - C17"]
[Site "Jastrzebia Gora"]
[Date "2022.11.07"]
[Round "3.20"]
[White "Wiosna, Krzysztof"]
[Black "Szafranski, Maciej"]
[Result "1/2-1/2"]
[BlackElo "1511"]
[WhiteElo "1159"]
[LiveChessVersion "1.4.8"]

1. e4 {[%clk 1:30:59]} c5 {[%clk 1:30:55]} 2. Nf3 {[%clk 1:31:25]} d6
{[%clk 1:31:22]} 3. d4 {[%clk 1:31:50]} cxd4 {[%clk 1:31:49]} 4. Nxd4
{[%clk 1:32:16]} Nf6 {[%clk 1:32:08]} 5. Nc3 {[%clk 1:32:41]} a6 {[%clk 1:32:35]}
6. Bc4 {[%clk 1:33:06]} Nbd7 {[%clk 1:31:59]} 7. Bb3 {[%clk 1:32:12]} Nc5
{[%clk 1:32:04]} 8. f3 {[%clk 1:31:05]} e6 {[%clk 1:30:42]} 9. Be3
{[%clk 1:31:28]} Be7 {[%clk 1:29:19]} 10. Qd2 Bd7 11. g4 {[%clk 1:25:00]} b5
{[%clk 1:20:33]} 12. h4 {[%clk 1:22:42]} Qc7 {[%clk 0:58:12]} 13. h5
{[%clk 1:19:41]} Bc8 {[%clk 0:56:47]} 14. g5 {[%clk 1:13:27]} Nfd7
{[%clk 0:56:51]} 15. O-O-O {[%clk 1:13:18]} Nf8 {[%clk 0:54:48]} 16. g6
{[%clk 1:04:20]} hxg6 {[%clk 0:50:50]} 17. hxg6 {[%clk 0:55:54]} Nxg6 18. Rxh8+
{[%clk 0:47:20]} Nxh8 {[%clk 0:50:52]} 19. Qh2 {[%clk 0:47:43]} Ng6
{[%clk 0:51:18]} 20. f4 {[%clk 0:43:54]} Nxb3+ {[%clk 0:50:35]} 21. axb3 Bd7
{[%clk 0:39:31]} 22. f5 {[%clk 0:41:06]} Nf8 {[%clk 0:39:58]} 23. fxe6
{[%clk 0:36:05]} fxe6 {[%clk 0:39:30]} 24. Rf1 b4 {[%clk 0:21:53]} 25. Qh5+
{[%clk 0:16:38]} Kd8 {[%clk 0:13:22]} 26. Na4 {[%clk 0:11:45]} Kc8
{[%clk 0:11:01]} 27. Rf7 {[%clk 0:08:50]} Qd8 {[%clk 0:08:27]} 28. Rxe7
{[%clk 0:08:35]} Qxe7 {[%clk 0:08:32]} 29. Nb6+ {[%clk 0:08:58]} Kb7
{[%clk 0:08:55]} 30. Nxa8 {[%clk 0:08:01]} Kxa8 31. Qa5 {[%clk 0:08:01]} Bc8
{[%clk 0:08:56]} 32. Qxb4 {[%clk 0:05:42]} Ng6 {[%clk 0:08:25]} 33. Nc6 Qc7 34.
Qd4 {[%clk 0:03:58]} Kb7 {[%clk 0:06:45]} 35. Nb4 {[%clk 0:03:28]} Ka8
{[%clk 0:05:40]} 1/2-1/2

[Event "PMPJ 2022 - C17"]
[Site "Jastrzebia Gora"]
[Date "2022.11.07"]
[Round "3.21"]
[White "Jedrzejczak, Michal"]
[Black "Balcerzak, Robert"]
[Result "1-0"]
[BlackElo "1434"]
[WhiteElo "1503"]
[LiveChessVersion "1.4.8"]

1. d4 {[%clk 1:30:57]} Nf6 {[%clk 1:30:49]} 2. c4 {[%clk 1:31:22]} c5
{[%clk 1:31:09]} 3. Nf3 {[%clk 1:30:55]} cxd4 {[%clk 1:31:33]} 4. Nxd4
{[%clk 1:31:20]} e5 {[%clk 1:31:59]} 5. Nf3 {[%clk 1:29:01]} Nc6 {[%clk 1:32:20]}
6. Bg5 {[%clk 1:28:39]} Bc5 {[%clk 1:31:28]} 7. e3 {[%clk 1:27:44]} O-O
{[%clk 1:00:21]} 8. Nc3 {[%clk 1:27:14]} Bb4 {[%clk 0:49:14]} 9. Qc2
{[%clk 1:25:42]} Re8 {[%clk 0:45:13]} 10. Be2 {[%clk 1:24:57]} e4
{[%clk 0:42:25]} 11. Nd2 {[%clk 1:20:23]} h6 {[%clk 0:40:25]} 12. Bxf6
{[%clk 1:00:38]} Qxf6 {[%clk 0:40:30]} 13. Ncxe4 {[%clk 0:52:20]} Qg6
{[%clk 0:36:26]} 14. O-O-O {[%clk 0:51:56]} d5 {[%clk 0:25:28]} 15. Ng3
{[%clk 0:49:38]} Qd6 {[%clk 0:18:44]} 16. Nb3 {[%clk 0:47:20]} Be6
{[%clk 0:15:33]} 17. cxd5 {[%clk 0:45:11]} Bxd5 {[%clk 0:15:54]} 18. Bc4
{[%clk 0:45:22]} Ne7 {[%clk 0:15:57]} 19. Kb1 {[%clk 0:37:54]} Rac8
{[%clk 0:09:06]} 20. Bxd5 {[%clk 0:32:03]} Rxc2 {[%clk 0:06:36]} 21. Bxf7+
{[%clk 0:32:29]} Kxf7 {[%clk 0:07:03]} 22. Rxd6 {[%clk 0:32:47]} Rxf2
{[%clk 0:05:49]} 23. Rd7 {[%clk 0:33:02]} Rc8 {[%clk 0:03:40]} 24. Ne4
{[%clk 0:29:10]} Rxg2 {[%clk 0:02:56]} 25. Nd4 {[%clk 0:25:54]} Bc5
{[%clk 0:00:45]} 26. Rf1+ {[%clk 0:23:51]} Ke8 {[%clk 0:00:58]} 27. Rxb7
{[%clk 0:24:15]} Rxh2 {[%clk 0:00:34]} 28. Nxc5 {[%clk 0:24:15]} Rxc5
{[%clk 0:01:00]} 29. Ne6 {[%clk 0:24:36]} Rf5 {[%clk 0:00:33]} 30. Nxg7+
{[%clk 0:25:04]} Kf8 {[%clk 0:00:32]} 31. Nxf5 {[%clk 0:25:23]} Nd5
{[%clk 0:00:38]} 32. Nd6+ {[%clk 0:25:09]} Kg8 {[%clk 0:01:01]} 33. Rc1
{[%clk 0:25:33]} Nb6 {[%clk 0:01:12]} 34. Nc8 {[%clk 0:25:44]} Na4
{[%clk 0:01:14]} 35. Nxa7 {[%clk 0:25:48]} Rf2 {[%clk 0:00:49]} 36. Rc8+
{[%clk 0:25:33]} Rf8 {[%clk 0:01:15]} 37. Rxf8+ {[%clk 0:25:56]} Kxf8
{[%clk 0:01:40]} 38. Rb5 {[%clk 0:26:10]} h5 {[%clk 0:01:21]} 39. Kc2
{[%clk 0:26:05]} h4 {[%clk 0:01:40]} 40. Kb3 {[%clk 0:26:30]} h3 {[%clk 0:01:47]}
41. Kxa4 {[%clk 0:26:55]} h2 {[%clk 0:02:12]} 42. Rh5 {[%clk 0:27:18]} Kg7
{[%clk 0:02:34]} 43. b4 {[%clk 0:27:42]} Kf6 {[%clk 0:02:51]} 44. b5
{[%clk 0:28:04]} Kg6 {[%clk 0:03:13]} 45. Rxh2 {[%clk 0:28:27]} Kf5
{[%clk 0:03:38]} 46. b6 {[%clk 0:28:48]} Ke4 {[%clk 0:04:02]} 47. b7
{[%clk 0:29:12]} Kd3 {[%clk 0:04:25]} 48. b8=Q {[%clk 0:29:31]} Ke4
{[%clk 0:04:45]} 49. Qf4+ {[%clk 0:29:53]} Kd5 {[%clk 0:05:07]} 50. Rd2+
{[%clk 0:30:04]} Ke6 {[%clk 0:05:29]} 51. Rd6+ {[%clk 0:30:28]} Ke7
{[%clk 0:05:51]} 52. Qf6+ {[%clk 0:30:53]} Ke8 {[%clk 0:06:17]} 53. Rd8# 1-0

[Event "PMPJ 2022 - C17"]
[Site "Jastrzebia Gora"]
[Date "2022.11.07"]
[Round "3.22"]
[White "Grzechowiak, Kacper"]
[Black "Grochowski, Adam"]
[Result "1/2-1/2"]
[BlackElo "1204"]
[WhiteElo "1448"]
[LiveChessVersion "1.4.8"]

1. e4 {[%clk 1:30:55]} c5 {[%clk 1:30:58]} 2. c3 {[%clk 1:31:21]} d5
{[%clk 1:31:15]} 3. exd5 {[%clk 1:31:40]} Qxd5 {[%clk 1:31:39]} 4. d4
{[%clk 1:32:07]} Nf6 {[%clk 1:30:49]} 5. Nf3 {[%clk 1:29:10]} Bg4
{[%clk 1:29:52]} 6. Be3 {[%clk 1:28:18]} Bxf3 {[%clk 1:28:56]} 7. Qxf3
{[%clk 1:27:56]} Qxf3 {[%clk 1:28:47]} 8. gxf3 {[%clk 1:28:24]} cxd4
{[%clk 1:28:24]} 9. cxd4 {[%clk 1:28:46]} e6 {[%clk 1:28:29]} 10. Bb5+
{[%clk 1:28:52]} Nbd7 {[%clk 1:28:49]} 11. O-O {[%clk 1:27:22]} a6
{[%clk 1:24:23]} 12. Bxd7+ {[%clk 1:26:47]} Kxd7 {[%clk 1:24:39]} 13. Nd2
{[%clk 1:26:10]} Be7 {[%clk 1:21:15]} 14. Nc4 {[%clk 1:20:54]} Nd5
{[%clk 1:21:21]} 15. Ne5+ {[%clk 1:20:22]} Ke8 {[%clk 1:20:11]} 16. Rac1
{[%clk 1:19:49]} f6 {[%clk 1:18:41]} 17. Nd3 {[%clk 1:15:41]} Kd7
{[%clk 1:11:38]} 18. a3 {[%clk 1:09:39]} Rhc8 {[%clk 1:07:50]} 19. Nc5+
{[%clk 1:06:47]} Bxc5 {[%clk 1:08:00]} 20. dxc5 {[%clk 1:07:13]} Nxe3
{[%clk 1:04:40]} 21. fxe3 {[%clk 1:07:33]} Kc6 {[%clk 1:03:56]} 22. Rfd1
{[%clk 1:02:57]} Rd8 {[%clk 1:04:00]} 23. b4 {[%clk 1:02:38]} a5 {[%clk 0:50:27]}
24. Kf2 {[%clk 0:52:44]} axb4 {[%clk 0:45:02]} 25. axb4 {[%clk 0:52:57]} Ra2+
{[%clk 0:45:26]} 26. Kg3 {[%clk 0:53:11]} Rdd2 {[%clk 0:45:39]} 27. h4
{[%clk 0:38:38]} e5 {[%clk 0:41:59]} 28. f4 {[%clk 0:23:04]} exf4+
{[%clk 0:32:27]} 29. Kxf4 {[%clk 0:18:23]} g6 {[%clk 0:27:51]} 30. h5
{[%clk 0:08:58]} Kb5 {[%clk 0:23:18]} 31. hxg6 {[%clk 0:08:15]} hxg6
{[%clk 0:23:40]} 32. Rg1 {[%clk 0:05:13]} Rf2+ {[%clk 0:19:04]} 33. Ke4
{[%clk 0:05:22]} Ra4 {[%clk 0:19:03]} 34. Rxg6 {[%clk 0:05:01]} Rxb4+
{[%clk 0:18:48]} 35. Kd3 {[%clk 0:05:17]} Rf5 {[%clk 0:15:37]} 36. Rg7
{[%clk 0:03:20]} Kc6 {[%clk 0:15:17]} 37. Rf7 {[%clk 0:02:56]} Rf3 1/2-1/2

[Event "PMPJ 2022 - C17"]
[Site "Jastrzebia Gora"]
[Date "2022.11.07"]
[Round "3.23"]
[White "Kuczmik, Pawel"]
[Black "Kreciglowa, Kamil"]
[Result "1-0"]
[BlackElo "1282"]
[WhiteElo "1426"]
[LiveChessVersion "1.4.8"]

1. e4 c6 2. Nf3 d5 3. d3 dxe4 4. Ng5 Nf6 5. Nc3 Bg4 6. Qd2 exd3 7. Bxd3 h6 8.
Nxf7 Kxf7 9. Bg6+ Kxg6 10. Qxd8 e6 11. Qc7 Bb4 12. Bd2 Nbd7 13. Qg3 Kh7 14. f3
Bf5 15. O-O-O Rhd8 16. Rhe1 Rac8 17. Ne4 Be7 18. Bc3 Bg6 19. Nxf6+ Nxf6 20. Rxe6
Nd5 1-0

[Event "PMPJ 2022 - C17"]
[Site "Jastrzebia Gora"]
[Date "2022.11.07"]
[Round "3.24"]
[White "Sewera, Wiktor"]
[Black "Mazurek, Mateusz"]
[Result "1-0"]
[BlackElo "1189"]
[WhiteElo "1425"]
[LiveChessVersion "1.4.8"]

1. e4 {[%clk 1:30:56]} c5 {[%clk 1:30:55]} 2. Nf3 {[%clk 1:31:16]} Nc6
{[%clk 1:31:08]} 3. d4 {[%clk 1:31:36]} cxd4 {[%clk 1:31:33]} 4. Nxd4
{[%clk 1:31:57]} e5 {[%clk 1:32:00]} 5. Nb5 {[%clk 1:32:17]} d6 {[%clk 1:32:21]}
6. N1c3 {[%clk 1:31:08]} a6 {[%clk 1:32:26]} 7. Na3 {[%clk 1:31:24]} Nf6
{[%clk 1:32:08]} 8. Bg5 {[%clk 1:31:24]} Be7 {[%clk 1:32:06]} 9. Bxf6
{[%clk 1:30:59]} Bxf6 {[%clk 1:32:26]} 10. Nc4 {[%clk 1:29:59]} Nd4
{[%clk 1:10:15]} 11. Ne2 {[%clk 1:24:02]} d5 {[%clk 0:51:28]} 12. exd5
{[%clk 1:18:21]} Qxd5 {[%clk 0:49:06]} 13. Nxd4 {[%clk 1:17:16]} exd4
{[%clk 0:42:22]} 14. Be2 {[%clk 1:08:08]} O-O {[%clk 0:28:32]} 15. O-O
{[%clk 1:07:49]} Qc5 {[%clk 0:27:36]} 16. Bd3 {[%clk 1:06:59]} Be6
{[%clk 0:26:01]} 17. Nd2 {[%clk 1:07:03]} Qc7 {[%clk 0:20:40]} 18. Ne4
{[%clk 1:05:51]} Be5 {[%clk 0:20:30]} 19. Qh5 {[%clk 1:02:38]} h6
{[%clk 0:13:49]} 20. Ng3 {[%clk 0:56:17]} Bf6 {[%clk 0:10:54]} 21. Rfe1
{[%clk 0:53:32]} Rad8 {[%clk 0:08:53]} 22. Qf3 {[%clk 0:52:50]} Rfe8
{[%clk 0:07:40]} 23. Nf5 {[%clk 0:50:52]} Bg5 {[%clk 0:06:17]} 24. Re4
{[%clk 0:45:22]} Qb6 {[%clk 0:04:07]} 25. h4 {[%clk 0:42:03]} Be7
{[%clk 0:03:44]} 26. Rg4 {[%clk 0:37:49]} Bxf5 {[%clk 0:02:52]} 27. Qxf5
{[%clk 0:38:04]} g6 {[%clk 0:03:05]} 28. h5 {[%clk 0:37:44]} Rd6 {[%clk 0:02:26]}
29. Bc4 {[%clk 0:37:07]} Rf6 {[%clk 0:02:23]} 30. hxg6 {[%clk 0:35:47]} Rxf5
{[%clk 0:00:45]} 31. gxf7+ {[%clk 0:36:01]} Kh7 {[%clk 0:00:56]} 32. fxe8=Q
{[%clk 0:35:45]} 1-0

[Event "PMPJ 2022 - C17"]
[Site "Jastrzebia Gora"]
[Date "2022.11.07"]
[Round "3.26"]
[White "Holynski, Szymon"]
[Black "Borzecki, Jakub"]
[Result "1/2-1/2"]
[BlackElo "1179"]
[WhiteElo "1355"]
[LiveChessVersion "1.4.8"]

1. Nf3 e6 2. c4 d5 3. b3 d4 4. g3 c5 5. Bg2 Nc6 6. O-O Bd6 7. d3 h6 8. e3 Nf6 9.
exd4 cxd4 10. Bb2 e5 11. Re1 O-O 12. Nbd2 Bg4 13. a3 a5 14. h3 Bh5 15. Ne4 Nxe4
16. dxe4 Rc8 17. Qd3 Bg6 18. Rac1 f5 19. Nh4 fxe4 20. Bxe4 Bxe4 21. Rxe4 Qf6 22.
Rf1 g5 23. Ng2 Qf3 24. Re3 Qf5 25. Qxf5 Rxf5 26. Rd3 Rcf8 27. Ne1 e4 28. g4 R5f7
29. Rd2 Bc5 30. b4 axb4 31. axb4 Bxb4 32. Re2 e3 33. Nd3 exf2+ 34. Rfxf2 Rxf2 35.
Rxf2 Rxf2 36. Kxf2 Bc3 37. Ba3 b6 38. Ke2 Na5 39. Nb2 Bxb2 40. Bxb2 Nxc4 41. Bxd4
b5 42. Kd3 Kf7 43. Kc3 Na5 44. Bc5 Nb7 45. Bb4 Nd8 46. Bd6 Ke6 47. Bf8 Nf7 48.
Kd4 Kf6 49. Kd5 Kg6 50. Kc5 Ne5 51. Kxb5 Nd3 52. Bc5 Nf4 53. Kc6 Nxh3 54. Bd4 Nf4
55. Kd6 Nd3 56. Kd5 Ne1 57. Ke4 Ng2 58. Bf2 Nf4 59. Ba7 Nh5 60. Kf3 Nf6 1/2-1/2

[Event "PMPJ 2022 - C17"]
[Site "Jastrzebia Gora"]
[Date "2022.11.08"]
[Round "4.1"]
[White "Taranowicz, Michal"]
[Black "Biesiadecki, Adam"]
[Result "1-0"]
[BlackElo "1706"]
[WhiteElo "1797"]
[LiveChessVersion "1.4.8"]

1. d4 {[%clk 1:30:57]} Nf6 {[%clk 1:30:53]} 2. Bf4 {[%clk 1:31:20]} g6
{[%clk 1:30:50]} 3. Nc3 {[%clk 1:30:34]} d5 {[%clk 1:31:00]} 4. e3
{[%clk 1:30:44]} Bg7 {[%clk 1:31:09]} 5. Bd3 {[%clk 1:29:53]} a6 {[%clk 1:30:14]}
6. Nf3 {[%clk 1:29:57]} c5 {[%clk 1:28:52]} 7. Ne5 {[%clk 1:28:01]} Nc6
{[%clk 1:26:03]} 8. h4 {[%clk 1:27:53]} cxd4 {[%clk 1:24:59]} 9. exd4
{[%clk 1:28:15]} h5 {[%clk 1:23:25]} 10. Qd2 {[%clk 1:26:25]} Ng4
{[%clk 1:22:38]} 11. Nxc6 {[%clk 1:20:55]} bxc6 {[%clk 1:23:02]} 12. Na4
{[%clk 1:21:15]} Bxd4 {[%clk 1:18:12]} 13. f3 {[%clk 1:21:13]} Nf6
{[%clk 1:17:10]} 14. O-O-O {[%clk 1:19:22]} Ba7 {[%clk 1:11:31]} 15. Rde1
{[%clk 1:12:28]} c5 {[%clk 1:07:43]} 16. Be5 {[%clk 1:08:11]} Kf8
{[%clk 1:07:32]} 17. Nc3 {[%clk 0:56:03]} c4 {[%clk 1:05:18]} 18. Bxc4
{[%clk 0:55:57]} Be6 {[%clk 1:03:41]} 19. Bxf6 {[%clk 0:44:38]} exf6
{[%clk 1:04:02]} 20. Bxd5 {[%clk 0:42:07]} Bxd5 {[%clk 1:03:37]} 21. Nxd5
{[%clk 0:42:19]} Rc8 {[%clk 1:02:52]} 22. Re4 {[%clk 0:39:37]} Kg7
{[%clk 1:02:24]} 23. Rd1 {[%clk 0:39:44]} Rc5 {[%clk 1:01:26]} 24. c4
{[%clk 0:36:46]} Bb8 {[%clk 0:51:43]} 25. b3 {[%clk 0:32:23]} a5 {[%clk 0:49:08]}
26. Qe3 {[%clk 0:29:16]} Rc6 {[%clk 0:46:36]} 27. Kb1 {[%clk 0:27:01]} a4
{[%clk 0:46:02]} 28. b4 {[%clk 0:27:23]} Qd6 {[%clk 0:44:25]} 29. c5
{[%clk 0:25:54]} Qd7 {[%clk 0:41:37]} 30. Re7 {[%clk 0:25:45]} Qf5+
{[%clk 0:40:13]} 31. Qe4 {[%clk 0:26:07]} Qc8 {[%clk 0:37:08]} 32. b5
{[%clk 0:19:51]} Re6 {[%clk 0:36:45]} 33. Qxe6 {[%clk 0:19:32]} Qxe6
{[%clk 0:36:43]} 34. Rxe6 {[%clk 0:19:58]} fxe6 {[%clk 0:37:09]} 35. Nb4
{[%clk 0:19:51]} 1-0

[Event "PMPJ 2022 - C17"]
[Site "Jastrzebia Gora"]
[Date "2022.11.08"]
[Round "4.2"]
[White "Smetek, Michal"]
[Black "Kozlowski, Franciszek"]
[Result "1/2-1/2"]
[BlackElo "1842"]
[WhiteElo "1731"]
[LiveChessVersion "1.4.8"]

1. d4 {[%clk 1:30:56]} Nf6 {[%clk 1:30:29]} 2. c4 {[%clk 1:31:22]} e6
{[%clk 1:30:22]} 3. g3 {[%clk 1:31:31]} Bb4+ {[%clk 1:29:01]} 4. Bd2
{[%clk 1:31:51]} Be7 {[%clk 1:29:19]} 5. Bg2 {[%clk 1:32:16]} d5 {[%clk 1:28:14]}
6. Nf3 {[%clk 1:32:16]} O-O {[%clk 1:25:38]} 7. O-O {[%clk 1:32:15]} dxc4
{[%clk 1:19:31]} 8. Na3 {[%clk 1:17:40]} Nc6 {[%clk 1:13:08]} 9. e3
{[%clk 1:10:44]} Bxa3 {[%clk 1:01:19]} 10. bxa3 {[%clk 1:11:13]} Qd6
{[%clk 0:58:25]} 11. Ne5 {[%clk 1:04:22]} Qxa3 {[%clk 0:52:13]} 12. Nxc4
{[%clk 0:59:12]} Qa6 {[%clk 0:48:26]} 13. Qb3 {[%clk 0:46:58]} Nd5
{[%clk 0:42:53]} 14. Rfc1 {[%clk 0:44:17]} Bd7 {[%clk 0:39:54]} 15. Bf1
{[%clk 0:43:47]} b5 {[%clk 0:33:01]} 16. Nb2 {[%clk 0:41:54]} Rab8
{[%clk 0:26:25]} 17. Rc5 {[%clk 0:38:20]} Rb6 {[%clk 0:25:56]} 18. Rxb5
{[%clk 0:29:53]} Nxd4 {[%clk 0:18:49]} 19. Rxb6 {[%clk 0:28:42]} Nxb3
{[%clk 0:16:38]} 20. Rxa6 {[%clk 0:29:02]} Nxa1 {[%clk 0:16:14]} 21. Bd3
{[%clk 0:15:42]} Rb8 {[%clk 0:16:00]} 22. Rxa7 {[%clk 0:15:38]} f5
{[%clk 0:15:03]} 23. Nc4 {[%clk 0:12:31]} Bb5 {[%clk 0:15:13]} 24. a4
{[%clk 0:12:20]} Bc6 {[%clk 0:13:40]} 25. Ne5 {[%clk 0:11:44]} Be8
{[%clk 0:13:45]} 26. e4 {[%clk 0:07:11]} fxe4 {[%clk 0:13:45]} 27. Bxe4
{[%clk 0:07:40]} Nb3 {[%clk 0:14:05]} 28. Be3 {[%clk 0:02:24]} Nxe3
{[%clk 0:13:52]} 29. fxe3 {[%clk 0:02:53]} c5 {[%clk 0:10:11]} 30. a5
{[%clk 0:01:44]} Bb5 {[%clk 0:08:22]} 31. Rc7 {[%clk 0:00:39]} Nxa5
{[%clk 0:08:20]} 32. Rxc5 {[%clk 0:01:08]} Nb3 {[%clk 0:08:36]} 33. Rc7
{[%clk 0:00:53]} Nd2 {[%clk 0:08:42]} 34. Bg2 {[%clk 0:00:48]} Rf8
{[%clk 0:07:27]} 35. Bh3 {[%clk 0:00:33]} h6 {[%clk 0:05:45]} 36. Rb7
{[%clk 0:00:32]} Be2 {[%clk 0:05:09]} 37. Rb2 {[%clk 0:00:31]} Nf3+
{[%clk 0:04:39]} 38. Nxf3 {[%clk 0:00:52]} Bxf3 {[%clk 0:05:00]} 39. Bxe6+
{[%clk 0:01:09]} Kh7 {[%clk 0:05:16]} 40. Rf2 {[%clk 0:01:14]} Rf6
{[%clk 0:05:31]} 41. Bc4 {[%clk 0:00:59]} Be4 {[%clk 0:05:04]} 42. Rxf6
{[%clk 0:01:05]} gxf6 {[%clk 0:05:24]} 43. Kf2 {[%clk 0:01:31]} Kg7
{[%clk 0:04:20]} 44. Be2 {[%clk 0:01:40]} Kf7 {[%clk 0:04:12]} 45. Bf3
{[%clk 0:02:05]} Bc2 {[%clk 0:04:22]} 46. Bg4 {[%clk 0:01:58]} f5
{[%clk 0:04:38]} 47. Be2 {[%clk 0:01:59]} Kf6 {[%clk 0:04:36]} 48. Bc4
{[%clk 0:02:07]} Be4 {[%clk 0:04:50]} 49. Bb5 {[%clk 0:02:34]} Kg5
{[%clk 0:04:53]} 50. Be2 {[%clk 0:02:55]} Bd5 {[%clk 0:05:03]} 51. Ke1
{[%clk 0:01:17]} Kf6 {[%clk 0:05:28]} 52. Bd3 {[%clk 0:01:26]} Kg5
{[%clk 0:05:07]} 53. Be2 {[%clk 0:01:32]} Kf6 {[%clk 0:05:23]} 54. Kd2
{[%clk 0:01:40]} Ke5 {[%clk 0:05:45]} 55. Bd3 {[%clk 0:01:36]} Bf3
{[%clk 0:05:07]} 56. Kc3 {[%clk 0:01:21]} Bd5 {[%clk 0:05:30]} 57. Bc2
{[%clk 0:01:15]} Bc6 {[%clk 0:05:08]} 58. Kd2 {[%clk 0:00:52]} Bf3
{[%clk 0:05:30]} 59. Bb1 {[%clk 0:00:53]} Bg4 {[%clk 0:05:38]} 60. Ke1
{[%clk 0:00:55]} Bf3 {[%clk 0:05:58]} 61. Kf2 {[%clk 0:01:15]} Bd5
{[%clk 0:06:18]} 62. Bd3 {[%clk 0:01:40]} Bf7 {[%clk 0:06:37]} 63. Be2
{[%clk 0:02:02]} Be6 {[%clk 0:06:44]} 64. Bf3 {[%clk 0:02:26]} Bd7
{[%clk 0:06:54]} 65. Bb7 {[%clk 0:02:38]} Be6 {[%clk 0:07:04]} 66. Bc6
{[%clk 0:02:22]} Kd6 {[%clk 0:07:19]} 67. Bb7 {[%clk 0:02:22]} Ke5
{[%clk 0:07:43]} 68. Kg2 {[%clk 0:01:16]} Bd7 {[%clk 0:08:01]} 69. Kf3
{[%clk 0:01:23]} Ba4 {[%clk 0:08:00]} 70. h3 {[%clk 0:00:34]} Bd1+
{[%clk 0:08:18]} 71. Kf2 {[%clk 0:00:57]} Bh5 {[%clk 0:08:16]} 72. Bf3
{[%clk 0:01:05]} Bg6 {[%clk 0:08:38]} 73. Be2 {[%clk 0:00:53]} Bf7
{[%clk 0:08:57]} 74. Bf3 {[%clk 0:00:54]} Bg6 {[%clk 0:09:21]} 75. Bb7
{[%clk 0:01:00]} Bh5 {[%clk 0:09:32]} 76. Ba8 {[%clk 0:00:55]} Bd1
{[%clk 0:09:26]} 77. Bf3 {[%clk 0:01:13]} Bb3 {[%clk 0:09:28]} 78. g4
{[%clk 0:01:02]} f4 {[%clk 0:09:30]} 79. h4 {[%clk 0:00:44]} fxe3+
{[%clk 0:09:47]} 80. Kxe3 {[%clk 0:01:09]} Kf6 {[%clk 0:10:00]} 81. Kf4
{[%clk 0:01:33]} Kg7 {[%clk 0:10:15]} 82. Ke5 {[%clk 0:01:35]} Bc2
{[%clk 0:10:35]} 1/2-1/2

[Event "PMPJ 2022 - C17"]
[Site "Jastrzebia Gora"]
[Date "2022.11.08"]
[Round "4.3"]
[White "Hury, Tymoteusz"]
[Black "Karut, Kacper"]
[Result "0-1"]
[BlackElo "1794"]
[WhiteElo "1710"]
[LiveChessVersion "1.4.8"]

1. e4 {[%clk 1:31:00]} c5 {[%clk 1:30:55]} 2. Nc3 {[%clk 1:31:25]} Nc6
{[%clk 1:31:19]} 3. f4 {[%clk 1:31:43]} g6 {[%clk 1:31:27]} 4. Nf3
{[%clk 1:31:35]} Bg7 {[%clk 1:31:52]} 5. Bb5 {[%clk 1:31:27]} Nd4
{[%clk 1:32:00]} 6. O-O {[%clk 1:31:03]} a6 {[%clk 1:31:23]} 7. Bd3
{[%clk 1:26:37]} Nh6 {[%clk 1:30:33]} 8. Nxd4 {[%clk 1:24:01]} cxd4
{[%clk 1:30:34]} 9. Ne2 {[%clk 1:23:27]} d5 {[%clk 1:30:22]} 10. Ng3
{[%clk 1:20:26]} dxe4 {[%clk 1:23:45]} 11. Bxe4 {[%clk 0:52:36]} f5
{[%clk 1:19:10]} 12. Bf3 {[%clk 0:41:44]} O-O {[%clk 1:17:54]} 13. d3
{[%clk 0:36:44]} Nf7 {[%clk 1:16:48]} 14. c4 {[%clk 0:26:59]} dxc3
{[%clk 1:13:50]} 15. bxc3 {[%clk 0:27:12]} Bxc3 {[%clk 1:06:46]} 16. Rb1
{[%clk 0:27:39]} Qd6 {[%clk 0:59:12]} 17. Ne2 {[%clk 0:25:00]} Bf6
{[%clk 0:56:23]} 18. Be3 {[%clk 0:21:02]} Rb8 {[%clk 0:45:23]} 19. Rb6
{[%clk 0:16:45]} Qa3 {[%clk 0:44:12]} 20. Qb1 {[%clk 0:14:23]} Nd6
{[%clk 0:40:09]} 21. Rc1 {[%clk 0:06:11]} Be6 {[%clk 0:37:39]} 22. Bc5
{[%clk 0:01:19]} Qxa2 {[%clk 0:37:23]} 23. Qxa2 {[%clk 0:00:57]} Bxa2
{[%clk 0:37:37]} 24. Bxd6 {[%clk 0:00:45]} exd6 {[%clk 0:36:55]} 25. Rc2
{[%clk 0:00:41]} Rfe8 {[%clk 0:25:46]} 26. Rxd6 {[%clk 0:00:33]} Bb3
{[%clk 0:25:11]} 27. Rc7 {[%clk 0:00:36]} Bd8 {[%clk 0:24:59]} 28. Rxb7
{[%clk 0:00:38]} Rxb7 {[%clk 0:22:37]} 29. Bxb7 {[%clk 0:01:03]} a5
{[%clk 0:20:44]} 30. Nc3 {[%clk 0:00:36]} Bc7 {[%clk 0:11:10]} 31. Ra6
{[%clk 0:00:34]} Rd8 {[%clk 0:06:24]} 32. Nb5 {[%clk 0:00:32]} Bxf4
{[%clk 0:06:07]} 33. Rxa5 {[%clk 0:00:39]} Rxd3 {[%clk 0:06:20]} 34. g3
{[%clk 0:00:31]} Be3+ {[%clk 0:06:11]} 35. Kg2 {[%clk 0:00:33]} Rd2+
{[%clk 0:06:21]} 36. Kf3 {[%clk 0:00:35]} Bb6 {[%clk 0:06:22]} 37. Ra3
{[%clk 0:00:39]} Rf2# {[%clk 0:06:37]} 0-1